[Event "Quebec op"]
[Site "Montreal CAN"]
[Date "2007.07.25"]
[Round "6"]
[White "Perez Garcia, Rodney Oscar"]
[Black "St Amand, Paul Jr"]
[Result "1-0"]
[WhiteElo "2420"]
[BlackElo "2155"]
[PlyCount "77"]
[GameId "2160767910576239"]
[EventDate "2007.07.20"]
[EventType "swiss"]
[EventRounds "9"]
[EventCountry "CAN"]
[SourceTitle "CBM 119 Extra"]
[Source "ChessBase"]
[SourceDate "2007.09.04"]
[SourceVersion "1"]
[SourceVersionDate "2007.09.04"]
[SourceQuality "1"]

1. e4 c5 2. Nf3 d6 3. d4 cxd4 4. Nxd4 Nf6 5. Nc3 a6 6. Be3 e5 7. Nb3 Be6 8. f3 Nbd7 9. g4 Nb6 10. g5 Nh5 11. Qd2 Be7 12. O-O-O O-O 13. Kb1 Rc8 14. Rg1 Qc7 15. h4 g6 16. Qf2 Bd8 17. f4 Nxf4 18. Bxf4 exf4 19. Nd4 Nc4 20. Bxc4 Qxc4 21. Qxf4 Ba5 22. Nde2 b5 23. Qxd6 Rc6 24. Qd3 Bb6 25. Qxc4 Rxc4 26. Rh1 Rfc8 27. Nf4 Bg4 28. Rd3 b4 29. Ncd5 Bd8 30. Re1 Be6 31. c3 bxc3 32. Nxc3 Ba5 33. Nxe6 Bxc3 34. Rc1 Ba5 35. Rxc4 Rxc4 36. Rd4 Rc6 37. Nf4 Bb6 38. Rd1 Kg7 39. Nd5 1-0

[Event "Quebec op"]
[Site "Montreal CAN"]
[Date "2007.07.25"]
[Round "6"]
[White "Rozentalis, Eduardas"]
[Black "Vul, Arkadi"]
[Result "1-0"]
[WhiteElo "2551"]
[BlackElo "2312"]
[PlyCount "97"]
[GameId "2160767910576241"]
[EventDate "2007.07.20"]
[EventType "swiss"]
[EventRounds "9"]
[EventCountry "CAN"]
[SourceTitle "CBM 119 Extra"]
[Source "ChessBase"]
[SourceDate "2007.09.04"]
[SourceVersion "1"]
[SourceVersionDate "2007.09.04"]
[SourceQuality "1"]

1. d4 d5 2. Nf3 Nf6 3. Bg5 Nbd7 4. e3 e6 5. Bd3 c5 6. c3 Be7 7. O-O b6 8. Nbd2 Bb7 9. Qe2 Ne4 10. Bxe7 Qxe7 11. Bxe4 dxe4 12. Ne5 Nxe5 13. dxe5 Qc7 14. Qh5 g6 15. Qg5 Qd8 16. Qf6 Qxf6 17. exf6 O-O-O 18. Rfd1 Rd5 19. Kf1 Rhd8 20. Ke1 Rf5 21. g4 Rxf6 22. Nc4 Rd5 23. Nd6+ Rxd6 24. Rxd6 Bd5 25. Rd1 Rf3 26. R6xd5 exd5 27. Rxd5 Rf6 28. b4 Rc6 29. b5 Re6 30. Ke2 Kc7 31. f3 exf3+ 32. Kxf3 Rf6+ 33. Ke2 Rd6 34. e4 Rxd5 35. exd5 c4 36. Ke3 Kd6 37. Ke4 f6 38. h3 h6 39. h4 h5 40. gxh5 gxh5 41. Kf5 Kxd5 42. a4 Kc5 43. Kxf6 Kd6 44. Kg5 Ke5 45. Kxh5 Kf5 46. Kh6 Kf6 47. h5 Kf7 48. Kg5 Kg7 49. Kf5 1-0

[Event "Quebec op"]
[Site "Montreal CAN"]
[Date "2007.07.25"]
[Round "6"]
[White "Tu, Hoang Thong"]
[Black "Shomoev, Anton"]
[Result "1/2-1/2"]
[WhiteElo "2483"]
[BlackElo "2561"]
[PlyCount "70"]
[GameId "2160767910576243"]
[EventDate "2007.07.20"]
[EventType "swiss"]
[EventRounds "9"]
[EventCountry "CAN"]
[SourceTitle "CBM 119 Extra"]
[Source "ChessBase"]
[SourceDate "2007.09.04"]
[SourceVersion "1"]
[SourceVersionDate "2007.09.04"]
[SourceQuality "1"]

1. d4 Nf6 2. Nf3 c5 3. c3 e6 4. Bf4 cxd4 5. cxd4 Qb6 6. Bc1 Nc6 7. e3 d5 8. Nc3 Bd6 9. Bd3 O-O 10. O-O Bd7 11. a3 Rfc8 12. Bd2 Be8 13. Na4 Qd8 14. Rc1 Ne4 15. Nc5 Bxc5 16. dxc5 b6 17. cxb6 Qxb6 18. b4 Ne7 19. Qe2 Rxc1 20. Rxc1 Rc8 21. h3 f6 22. Nd4 Rxc1+ 23. Bxc1 Bg6 24. Bb2 Kf7 25. Nb3 e5 26. Bxe4 Bxe4 27. Nc5 Bg6 28. Qa6 Qxa6 29. Nxa6 Nc8 30. f4 Ke6 31. fxe5 fxe5 32. Nc5+ Kd6 33. Nb7+ Kc6 34. Na5+ Kd6 35. Nb7+ Kc6 1/2-1/2

[Event "Quebec op"]
[Site "Montreal CAN"]
[Date "2007.07.26"]
[Round "7"]
[White "Abou Nassif, Ahmad"]
[Black "Hua, Lefong"]
[Result "0-1"]
[WhiteElo "1842"]
[BlackElo "2323"]
[PlyCount "63"]
[GameId "2160767910576245"]
[EventDate "2007.07.20"]
[EventType "swiss"]
[EventRounds "9"]
[EventCountry "CAN"]

1. c4 Nf6 2. g3 c5 3. Bg2 Nc6 4. Nc3 g6 5. e3 Bg7 6. Nge2 O-O 7. O-O d6 8. d3 a6 9. a3 Bd7 10. Rb1 Rb8 11. b4 cxb4 12. axb4 b5 13. Nd4 Nxd4 14. exd4 Bg4 15. f3 Bf5 16. g4 Be6 17. d5 Bd7 18. Ne2 Qb6+ 19. Kh1 Rfc8 20. Qb3 bxc4 21. dxc4 Qc7 22. c5 Bb5 23. Nd4 Bxf1 24. Bxf1 dxc5 25. Nc6 Rb6 26. Bc4 e6 27. Qe3 cxb4 28. g5 Nxd5 29. Bxd5 Rxc6 30. Bxc6 Qxc6 31. Bd2 Bc3 32. Be1 0-1

[Event "Quebec op"]
[Site "Montreal CAN"]
[Date "2007.07.26"]
[Round "7"]
[White "Aveskulov, Valeriy"]
[Black "Tu, Hoang Thong"]
[Result "1/2-1/2"]
[WhiteElo "2539"]
[BlackElo "2483"]
[PlyCount "102"]
[GameId "2160767910576246"]
[EventDate "2007.07.20"]
[EventType "swiss"]
[EventRounds "9"]
[EventCountry "CAN"]
[SourceTitle "CBM 119 Extra"]
[Source "ChessBase"]
[SourceDate "2007.09.04"]
[SourceVersion "1"]
[SourceVersionDate "2007.09.04"]
[SourceQuality "1"]

1. e4 e5 2. Nf3 Nc6 3. Bb5 Nf6 4. O-O Nxe4 5. d4 Nd6 6. Bxc6 dxc6 7. dxe5 Nf5 8. Qxd8+ Kxd8 9. Nc3 Ke8 10. h3 h6 11. Bf4 Bc5 12. e6 Bxe6 13. Bxc7 Nd4 14. Nxd4 Bxd4 15. Ne4 b5 16. c3 Bb6 17. Bf4 Rd8 18. a4 bxa4 19. Rxa4 f5 20. Nd6+ Ke7 21. Nc4 Bxc4 22. Rxc4 c5 23. Be3 Rd5 24. g4 fxg4 25. Rxg4 Kf6 26. Kg2 Rhd8 27. Ra1 R8d7 28. Kf3 Rh5 29. h4 Kf7 30. Rag1 Kf8 31. Ke2 Rhd5 32. Re4 c4 33. Rxc4 Bxe3 34. Kxe3 Rd3+ 35. Ke4 Rd2 36. b4 Rxf2 37. Ke3 Rh2 38. Rf4+ Kg8 39. Rg3 Rhd2 40. Rfg4 Rc2 41. Rc4 Kf7 42. h5 Rc1 43. Rf3+ Ke7 44. Re4+ Kd8 45. Rf8+ Kc7 46. Rc4+ Kb7 47. Rf5 a6 48. Rcc5 Re1+ 49. Kf2 Re6 50. Rfe5 Rf6+ 51. Ke3 g6 1/2-1/2

[Event "Quebec op"]
[Site "Montreal CAN"]
[Date "2007.07.26"]
[Round "7"]
[White "Berry, Jonathan"]
[Black "Jiang, Louie"]
[Result "1/2-1/2"]
[WhiteElo "2241"]
[BlackElo "2072"]
[PlyCount "85"]
[GameId "2160767910576248"]
[EventDate "2007.07.20"]
[EventType "swiss"]
[EventRounds "9"]
[EventCountry "CAN"]
[SourceTitle "CBM 119 Extra"]
[Source "ChessBase"]
[SourceDate "2007.09.04"]
[SourceVersion "1"]
[SourceVersionDate "2007.09.04"]
[SourceQuality "1"]

1. d4 d5 2. c4 e6 3. Nc3 Nf6 4. Bg5 Nbd7 5. cxd5 exd5 6. e3 c6 7. Bd3 Be7 8. Nge2 O-O 9. Qc2 Re8 10. O-O Nf8 11. Rad1 g6 12. f3 Ne6 13. Bh4 a6 14. Qd2 Ne4 15. fxe4 Bxh4 16. e5 c5 17. Bc2 cxd4 18. exd4 Bg5 19. Qd3 Ng7 20. Qf3 Be6 21. Bb3 Nf5 22. Nf4 Bxf4 23. Qxf4 b5 24. Rd3 h5 25. g3 Ra7 26. Qd2 Ng7 27. Ne2 Bf5 28. Rc3 Be4 29. Rc6 Re6 30. Rc5 Ree7 31. Nc3 Ne6 32. Rxd5 Bxd5 33. Nxd5 Red7 34. Nf6+ Kg7 35. Nxd7 Rxd7 36. Bxe6 fxe6 37. Qf4 Rxd4 38. Qf7+ Kh6 39. Qxe6 Rd2 40. Qf6 Qd4+ 41. Rf2 Rxf2 42. Qxf2 Qxe5 43. Qd2+ 1/2-1/2

[Event "Quebec op"]
[Site "Montreal CAN"]
[Date "2007.07.26"]
[Round "7"]
[White "Kenanu, Dariush"]
[Black "Pelletier, Jean"]
[Result "1-0"]
[WhiteElo "1941"]
[BlackElo "1610"]
[PlyCount "65"]
[GameId "2160767910576250"]
[EventDate "2007.07.20"]
[EventType "swiss"]
[EventRounds "9"]
[EventCountry "CAN"]

1. e4 c5 2. Nf3 d6 3. d4 cxd4 4. Nxd4 Nc6 5. Nc3 Nf6 6. Bc4 g6 7. Nxc6 bxc6 8. e5 Nd7 9. exd6 exd6 10. O-O d5 11. Re1+ Be7 12. Bxd5 Bb7 13. Bb3 O-O 14. Bh6 Re8 15. Qf3 Bf6 16. Ne4 Rxe4 17. Qxe4 Nc5 18. Qc4 Nxb3 19. Qxb3 Qb6 20. Qxb6 axb6 21. c3 Bg7 22. Bxg7 Kxg7 23. Re7 Ba6 24. Rc7 Rc8 25. Rxc8 Bxc8 26. a4 Be6 27. a5 bxa5 28. Rxa5 Kf6 29. Rc5 Bd7 30. f4 Ke6 31. Kf2 Kd6 32. Ke3 h5 33. g3 1-0

[Event "Quebec op"]
[Site "Montreal CAN"]
[Date "2007.07.26"]
[Round "7"]
[White "Kunte, Abhijit"]
[Black "Likavsky, Tomas"]
[Result "1/2-1/2"]
[WhiteElo "2519"]
[BlackElo "2494"]
[PlyCount "27"]
[GameId "2160767910576252"]
[EventDate "2007.07.20"]
[EventType "swiss"]
[EventRounds "9"]
[EventCountry "CAN"]
[SourceTitle "CBM 119 Extra"]
[Source "ChessBase"]
[SourceDate "2007.09.04"]
[SourceVersion "1"]
[SourceVersionDate "2007.09.04"]
[SourceQuality "1"]

1. d4 d5 2. c4 e6 3. Nc3 a6 4. cxd5 exd5 5. Bf4 c6 6. e3 Bd6 7. Bg3 Ne7 8. Bd3 Bf5 9. Nf3 O-O 10. Qc2 Bxd3 11. Qxd3 a5 12. Ng5 Ng6 13. Bxd6 Qxd6 14. h4 1/2-1/2

[Event "Quebec op"]
[Site "Montreal CAN"]
[Date "2007.07.26"]
[Round "7"]
[White "Sandipan, Chanda"]
[Black "Huzman, Alexander"]
[Result "1/2-1/2"]
[WhiteElo "2563"]
[BlackElo "2601"]
[PlyCount "46"]
[GameId "2160767910576257"]
[EventDate "2007.07.20"]
[EventType "swiss"]
[EventRounds "9"]
[EventCountry "CAN"]
[SourceTitle "CBM 119 Extra"]
[Source "ChessBase"]
[SourceDate "2007.09.04"]
[SourceVersion "1"]
[SourceVersionDate "2007.09.04"]
[SourceQuality "1"]

1. e4 e5 2. Nf3 Nf6 3. Nxe5 d6 4. Nf3 Nxe4 5. Nc3 Nxc3 6. dxc3 Be7 7. Be3 Nc6 8. Qd2 Ne5 9. O-O-O O-O 10. h4 Bg4 11. Be2 Qc8 12. Bg5 Re8 13. Nxe5 Bxe2 14. Rde1 dxe5 15. Bxe7 Qe6 16. Qxe2 Rxe7 17. Kb1 Rd8 18. Rd1 Red7 19. b3 f6 20. g3 Rd5 21. Rhe1 R8d6 22. Rxd5 Rxd5 23. f4 Qd7 1/2-1/2

[Event "Quebec op"]
[Site "Montreal CAN"]
[Date "2007.07.26"]
[Round "7"]
[White "St Amand, Paul Jr"]
[Black "Grant, Jonathan"]
[Result "0-1"]
[WhiteElo "2155"]
[BlackElo "2280"]
[PlyCount "96"]
[GameId "2160767910576259"]
[EventDate "2007.07.20"]
[EventType "swiss"]
[EventRounds "9"]
[EventCountry "CAN"]
[SourceTitle "CBM 119 Extra"]
[Source "ChessBase"]
[SourceDate "2007.09.04"]
[SourceVersion "1"]
[SourceVersionDate "2007.09.04"]
[SourceQuality "1"]

1. e4 c6 2. d4 d5 3. Nd2 dxe4 4. Nxe4 Bf5 5. Ng3 Bg6 6. Nf3 Nd7 7. Bd3 e6 8. Bxg6 hxg6 9. Qe2 Qc7 10. h3 Ngf6 11. Bd2 Bd6 12. Ne4 Be7 13. O-O-O O-O 14. Kb1 c5 15. dxc5 Nxc5 16. Nxc5 Bxc5 17. Be3 b5 18. Bxc5 Qxc5 19. Rd4 Rfc8 20. c3 a5 21. Rhd1 a4 22. a3 Nd5 23. Ne1 Nb6 24. Nd3 Qc7 25. Qe5 Qb7 26. f3 Nc4 27. Qe4 Qc7 28. Nb4 Qg3 29. Qe2 Qg5 30. Rg4 Qf5+ 31. Ka2 Qf6 32. Rgd4 e5 33. Rd5 Qb6 34. Rd7 Qe6 35. Kb1 Kh7 36. Ka1 Kh8 37. R7d5 Rab8 38. Rd7 Qf5 39. R7d5 Qg5 40. R1d3 f6 41. Kb1 Kh7 42. Qf2 Rb7 43. Na6 Rb6 44. Nb4 f5 45. Nc2 Qf6 46. Ne3 e4 47. Nxc4 bxc4 48. fxe4 cxd3 0-1

[Event "Quebec op"]
[Site "Montreal CAN"]
[Date "2007.07.26"]
[Round "7"]
[White "Szalay, Karoly"]
[Black "Morin, Yves"]
[Result "0-1"]
[WhiteElo "1982"]
[BlackElo "2226"]
[PlyCount "78"]
[GameId "2160767910576260"]
[EventDate "2007.07.20"]
[EventType "swiss"]
[EventRounds "9"]
[EventCountry "CAN"]

1. e4 e6 2. d4 d5 3. Nd2 Nc6 4. Ngf3 Nf6 5. Bd3 Nb4 6. e5 Nd7 7. Nb3 Be7 8. Be3 Nxd3+ 9. cxd3 b6 10. Rc1 Bb7 11. Rc2 a5 12. Qc1 Rc8 13. a4 Ba6 14. Ke2 O-O 15. Nfd2 c5 16. f4 Qc7 17. dxc5 bxc5 18. Nxc5 Bxc5 19. Nb3 Bxe3 20. Rxc7 Bxc1 21. Rhxc1 Rb8 22. R1c3 d4 23. Nxd4 Rxb2+ 24. Ke3 Nb6 25. Rc2 Nd5+ 26. Ke4 Rxc2 27. Rxc2 Nb4 28. Rd2 Bb7+ 29. Ke3 Nd5+ 30. Kf3 Rd8 31. Ne2 Nb4+ 32. Ke3 Bxg2 33. d4 Bc6 34. Nc3 Rb8 35. Rb2 Kf8 36. Kd2 g6 37. h4 Kg7 38. Ne2 Bxa4 39. Nc3 Bc6 0-1

[Event "Quebec op"]
[Site "Montreal CAN"]
[Date "2007.07.26"]
[Round "7"]
[White "Yoos, John"]
[Black "Perez Garcia, Rodney Oscar"]
[Result "1/2-1/2"]
[WhiteElo "2369"]
[BlackElo "2420"]
[PlyCount "31"]
[GameId "2160767910576262"]
[EventDate "2007.07.20"]
[EventType "swiss"]
[EventRounds "9"]
[EventCountry "CAN"]
[SourceTitle "CBM 119 Extra"]
[Source "ChessBase"]
[SourceDate "2007.09.04"]
[SourceVersion "1"]
[SourceVersionDate "2007.09.04"]
[SourceQuality "1"]

1. e4 d5 2. exd5 Qxd5 3. Nf3 Bg4 4. Be2 Nc6 5. d4 O-O-O 6. c4 Qf5 7. Be3 Bxf3 8. Bxf3 Nxd4 9. Bg4 Nc2+ 10. Qxc2 Qxg4 11. O-O Qg6 12. Qa4 Qa6 13. Qxa6 bxa6 14. Bxa7 e6 15. Nc3 Nf6 16. Rfd1 1/2-1/2

[Event "Quebec op"]
[Site "Montreal CAN"]
[Date "2007.07.27"]
[Round "8"]
[White "Grant, Jonathan"]
[Black "Ye, Ling Feng"]
[Result "1-0"]
[WhiteElo "2280"]
[BlackElo "2141"]
[PlyCount "109"]
[GameId "2160767910576266"]
[EventDate "2007.07.20"]
[EventType "swiss"]
[EventRounds "9"]
[EventCountry "CAN"]
[SourceTitle "CBM 119 Extra"]
[Source "ChessBase"]
[SourceDate "2007.09.04"]
[SourceVersion "1"]
[SourceVersionDate "2007.09.04"]
[SourceQuality "1"]

1. c4 e6 2. Nc3 d5 3. d4 Be7 4. Nf3 Nf6 5. Bg5 O-O 6. e3 Nbd7 7. Rc1 a6 8. cxd5 exd5 9. Bd3 Re8 10. O-O Nf8 11. h3 c6 12. Ne5 N6d7 13. Bf4 Nxe5 14. Bxe5 Bd6 15. Bxd6 Qxd6 16. Na4 Qd8 17. b4 Re6 18. Qf3 Rh6 19. Qg3 Ng6 20. f4 Nh4 21. f5 a5 22. f6 Ng6 23. b5 Bd7 24. Nc5 Bc8 25. bxc6 bxc6 26. fxg7 Qe7 27. Rb1 Kxg7 28. Rb6 Qh4 29. Qf3 Nh8 30. Qf4 Qxf4 31. exf4 Rd6 32. f5 f6 33. Bb5 Nf7 34. Rxc6 Rb8 35. a4 Rxc6 36. Bxc6 Rb4 37. Rf4 Nd6 38. g4 Kh6 39. h4 Rb1+ 40. Kg2 Nc4 41. Rf3 Rd1 42. Rd3 Rxd3 43. Nxd3 Ne3+ 44. Kf3 Nc2 45. Bxd5 Nxd4+ 46. Ke4 Ne2 47. Nc5 Kg7 48. Bc4 Nc3+ 49. Kd4 Nd1 50. Be2 Nf2 51. Ke3 Nh3 52. Bf1 Ng1 53. Kf2 h5 54. Kxg1 hxg4 55. Bd3 1-0

[Event "Quebec op"]
[Site "Montreal CAN"]
[Date "2007.07.27"]
[Round "8"]
[White "Nicula, Marius"]
[Black "Szalay, Karoly"]
[Result "0-1"]
[WhiteElo "2126"]
[BlackElo "1982"]
[PlyCount "70"]
[GameId "2160767910576274"]
[EventDate "2007.07.20"]
[EventType "swiss"]
[EventRounds "9"]
[EventCountry "CAN"]

1. Nf3 d5 2. g3 Nf6 3. Bg2 g6 4. b3 Bg7 5. Bb2 O-O 6. c4 c6 7. O-O Re8 8. d4 Nbd7 9. cxd5 cxd5 10. Nc3 Nb6 11. Rc1 Bf5 12. Ne5 a6 13. e3 Qd6 14. g4 Bc8 15. a4 h6 16. f4 g5 17. h4 gxh4 18. a5 Nbd7 19. Qe1 Qe6 20. g5 hxg5 21. fxg5 Nxe5 22. gxf6 Nd3 23. Qxh4 Qxe3+ 24. Kh2 Bxf6 25. Rxf6 Nxb2 26. Rh6 Bf5 27. Rf1 Bg6 28. Nxd5 Qe6 29. Nc7 Qd6+ 30. Kh1 Kg7 31. Nxa8 Rxa8 32. Qh2 Qxd4 33. Rh4 Qc3 34. Rh3 Qd4 35. Qg3 Nd3 0-1

[Event "Quebec op"]
[Site "Montreal CAN"]
[Date "2007.07.27"]
[Round "8"]
[White "St Amand, Paul Jr"]
[Black "Kenanu, Dariush"]
[Result "1-0"]
[WhiteElo "2155"]
[BlackElo "1941"]
[PlyCount "67"]
[GameId "2160767910576278"]
[EventDate "2007.07.20"]
[EventType "swiss"]
[EventRounds "9"]
[EventCountry "CAN"]

1. e4 e5 2. Nf3 Nc6 3. Bb5 a6 4. Ba4 Nf6 5. O-O b5 6. Bb3 Be7 7. Re1 O-O 8. a4 Rb8 9. axb5 axb5 10. c3 d5 11. exd5 e4 12. Ng5 Ne5 13. Nxe4 Nd3 14. Nxf6+ Bxf6 15. Re3 Bf5 16. Qf1 Nc5 17. Ba2 Bg5 18. f4 Bh6 19. d4 Nd7 20. Na3 b4 21. Nb5 Nf6 22. Bd2 Nxd5 23. Re5 Be6 24. c4 Ne7 25. Bxb4 Rxb5 26. Rxb5 Qxd4+ 27. Qf2 Qf6 28. Re1 g6 29. g3 Nf5 30. g4 Nd4 31. g5 Bxg5 32. Rxg5 Ra8 33. Bc3 c5 34. Rxc5 1-0

[Event "Quebec op"]
[Site "Montreal CAN"]
[Date "2007.07.27"]
[Round "8"]
[White "Tu, Hoang Thong"]
[Black "Kunte, Abhijit"]
[Result "0-1"]
[WhiteElo "2483"]
[BlackElo "2519"]
[PlyCount "84"]
[GameId "2160767910576279"]
[EventDate "2007.07.20"]
[EventType "swiss"]
[EventRounds "9"]
[EventCountry "CAN"]
[SourceTitle "CBM 119 Extra"]
[Source "ChessBase"]
[SourceDate "2007.09.04"]
[SourceVersion "1"]
[SourceVersionDate "2007.09.04"]
[SourceQuality "1"]

1. e4 c5 2. Nf3 e6 3. c3 Nf6 4. e5 Nd5 5. g3 Nc6 6. Bg2 d6 7. exd6 Qxd6 8. O-O Be7 9. d4 O-O 10. c4 Nb6 11. Bf4 Qd8 12. dxc5 Qxd1 13. Rxd1 Nxc4 14. Bc1 Bxc5 15. Nc3 e5 16. b3 Nb6 17. Ne4 Be7 18. Bb2 f6 19. Nd6 Rd8 20. Nxc8 Raxc8 21. Bh3 Rxd1+ 22. Rxd1 Rd8 23. Rxd8+ Nxd8 24. Ne1 Kf7 25. Kf1 Nc6 26. Nd3 Bd6 27. f4 exf4 28. Nxf4 Bxf4 29. gxf4 Nd5 30. Bc8 b6 31. Bb7 Nce7 32. Bc1 Ke6 33. Kf2 Nb4 34. Bd2 Nxa2 35. Be4 a5 36. Bxh7 f5 37. Be3 b5 38. Bc5 Nc3 39. Kf3 Ncd5 40. h4 g6 41. h5 gxh5 42. Kg3 Kf7 0-1

[Event "Quebec op"]
[Site "Montreal CAN"]
[Date "2007.07.28"]
[Round "9"]
[White "Hua, Lefong"]
[Black "Pelletier, Jean"]
[Result "1-0"]
[WhiteElo "2323"]
[BlackElo "1610"]
[PlyCount "63"]
[GameId "2160767910576283"]
[EventDate "2007.07.20"]
[EventType "swiss"]
[EventRounds "9"]
[EventCountry "CAN"]

1. d4 d5 2. c4 e6 3. Nc3 Nf6 4. cxd5 exd5 5. Bg5 Be7 6. e3 O-O 7. Bd3 Nc6 8. a3 a6 9. Bxf6 Bxf6 10. Qh5 g6 11. Qxd5 Be6 12. Qxd8 Raxd8 13. Nf3 Ne7 14. Ne4 Bg7 15. Rc1 f5 16. Neg5 Bd5 17. Rxc7 Rfe8 18. O-O h6 19. Nh3 g5 20. Nd2 Bc6 21. Bc4+ Kh8 22. Bf7 Nd5 23. Bxe8 Nxc7 24. Bxc6 bxc6 25. Rc1 Rd6 26. Nc4 Re6 27. Na5 Nd5 28. Rxc6 Rxc6 29. Nxc6 g4 30. Nf4 Nxf4 31. exf4 Kg8 32. Ne7+ 1-0

[Event "Quebec op"]
[Site "Montreal CAN"]
[Date "2007.07.28"]
[Round "9"]
[White "Kenanu, Dariush"]
[Black "Nicula, Marius"]
[Result "0-1"]
[WhiteElo "1941"]
[BlackElo "2126"]
[PlyCount "78"]
[GameId "2160767910576285"]
[EventDate "2007.07.20"]
[EventType "swiss"]
[EventRounds "9"]
[EventCountry "CAN"]

1. e4 e6 2. d4 d5 3. Nc3 Nf6 4. e5 Nfd7 5. Nce2 c5 6. c3 Nc6 7. f4 Qb6 8. Nf3 f6 9. g3 cxd4 10. Nexd4 Nc5 11. exf6 gxf6 12. Bb5 a6 13. Bxc6+ bxc6 14. O-O Bd6 15. Kg2 O-O 16. Nh4 f5 17. Qh5 Ra7 18. b3 Ne4 19. Bb2 c5 20. Nc2 Rg7 21. c4 d4 22. Rad1 Bb7 23. Kh3 Rg4 24. Bxd4 cxd4 25. Nxd4 Bc5 26. Ndf3 Rg7 27. Ne5 Nf6 28. Qe2 Be4 29. Qb2 a5 30. Nhf3 Qa7 31. Ng5 Qe7 32. Nxe4 fxe4 33. Qd2 Qe8 34. Qxa5 Qh5+ 35. Kg2 e3 36. Rfe1 Ra7 37. g4 Nxg4 38. Qxc5 Qxh2+ 39. Kf3 Rxf4# 0-1

[Event "Quebec op"]
[Site "Montreal CAN"]
[Date "2007.07.28"]
[Round "9"]
[White "Rychagov, Andrey"]
[Black "Kunte, Abhijit"]
[Result "1/2-1/2"]
[WhiteElo "2557"]
[BlackElo "2519"]
[PlyCount "23"]
[GameId "2160767910576289"]
[EventDate "2007.07.20"]
[EventType "swiss"]
[EventRounds "9"]
[EventCountry "CAN"]
[SourceTitle "CBM 119 Extra"]
[Source "ChessBase"]
[SourceDate "2007.09.04"]
[SourceVersion "1"]
[SourceVersionDate "2007.09.04"]
[SourceQuality "1"]

1. d4 d5 2. c4 e6 3. Nf3 Nf6 4. Nc3 Be7 5. Bg5 h6 6. Bh4 O-O 7. e3 Ne4 8. Bxe7 Qxe7 9. Rc1 c6 10. Bd3 Nxc3 11. Rxc3 Nd7 12. O-O 1/2-1/2

[Event "Quebec op"]
[Site "Montreal CAN"]
[Date "2007.07.28"]
[Round "9"]
[White "Sambuev, Bator"]
[Black "Shomoev, Anton"]
[Result "0-1"]
[WhiteElo "2482"]
[BlackElo "2561"]
[PlyCount "79"]
[GameId "2160767910576290"]
[EventDate "2007.07.20"]
[EventType "swiss"]
[EventRounds "9"]
[EventCountry "CAN"]
[SourceTitle "CBM 119 Extra"]
[Source "ChessBase"]
[SourceDate "2007.09.04"]
[SourceVersion "1"]
[SourceVersionDate "2007.09.04"]
[SourceQuality "1"]

1. d4 Nf6 2. c4 e6 3. Nc3 Bb4 4. e3 O-O 5. Bd3 c5 6. Nf3 d5 7. O-O cxd4 8. exd4 dxc4 9. Bxc4 b6 10. Ne5 Bb7 11. Bg5 Nc6 12. Ba6 Bxa6 13. Nxc6 Qd6 14. Bxf6 gxf6 15. Nxb4 Bxf1 16. Nc2 Ba6 17. Qg4+ Kh8 18. Qh4 Qd8 19. d5 Rg8 20. Ne3 f5 21. Qd4+ Rg7 22. Rd1 Bb7 23. f4 Qc7 24. b4 Kg8 25. d6 Qc6 26. Ncd5 Kf8 27. Qf6 Re8 28. Kh1 exd5 29. Nxf5 Rg6 30. Qh8+ Rg8 31. Qxh7 Re6 32. Nh6 Rxh6 33. Qxh6+ Rg7 34. Qh8+ Rg8 35. Qf6 Rg6 36. Qe7+ Kg7 37. b5 Qxd6 38. Qxb7 Qxf4 39. Qxd5 Rg5 40. Re1 0-1

[Event "Quebec op"]
[Site "Montreal CAN"]
[Date "2007.07.28"]
[Round "9"]
[White "Szalay, Karoly"]
[Black "Masse, Hugues"]
[Result "0-1"]
[WhiteElo "1982"]
[BlackElo "2181"]
[PlyCount "124"]
[GameId "2160767910576292"]
[EventDate "2007.07.20"]
[EventType "swiss"]
[EventRounds "9"]
[EventCountry "CAN"]

1. e4 e6 2. d4 d5 3. Nd2 Be7 4. f4 c5 5. c3 Nc6 6. Ngf3 cxd4 7. cxd4 dxe4 8. Nxe4 Nh6 9. Be3 O-O 10. Qa4 Nf5 11. Bf2 Nb4 12. Nc3 b6 13. a3 Nd5 14. g3 Bb7 15. Bg2 Nde3 16. Bxe3 Nxe3 17. Kf2 Nxg2 18. Kxg2 Qc7 19. Rhe1 Bc6 20. Qd1 Rad8 21. Rc1 Qb7 22. Re3 Bf6 23. Ne2 Rd7 24. Rcc3 Rfd8 25. Rcd3 Bb5 26. Rd2 Bxe2 27. Qxe2 Rxd4 28. Rc2 g6 29. Rec3 Re4 30. Re3 Rxe3 31. Qxe3 Kg7 32. g4 Kg8 33. Kg3 Qd7 34. g5 Bg7 35. h4 Rc8 36. Rd2 Qc7 37. h5 gxh5 38. Rh2 Qc5 39. Qe4 Qc6 40. Qb1 Qc1 41. Qe4 Bxb2 42. Rxh5 Qc2 43. Qb7 Bxa3 44. Rh2 Qc4 45. Ne5 Qb3+ 46. Kg4 Qd1+ 47. Kh4 Rf8 48. Nd7 Rd8 49. Ne5 Rf8 50. Nd7 Bb4 51. Nf6+ Kg7 52. Nh5+ Kg8 53. Nf6+ Kg7 54. Nh5+ Kh8 55. g6 Be1+ 56. Kg5 Bc3 57. Nf6 Bxf6+ 58. Kxf6 fxg6+ 59. Kg5 Qg1+ 60. Rg2 Qc5+ 61. Kh4 Rxf4+ 62. Kg3 Qe3+ 0-1

[Event "Quebec op"]
[Site "Montreal CAN"]
[Date "2007.07.28"]
[Round "9"]
[White "Ye, Ling Feng"]
[Black "St Amand, Paul Jr"]
[Result "1-0"]
[WhiteElo "2141"]
[BlackElo "2155"]
[PlyCount "139"]
[GameId "2160767910576294"]
[EventDate "2007.07.20"]
[EventType "swiss"]
[EventRounds "9"]
[EventCountry "CAN"]
[SourceTitle "CBM 119 Extra"]
[Source "ChessBase"]
[SourceDate "2007.09.04"]
[SourceVersion "1"]
[SourceVersionDate "2007.09.04"]
[SourceQuality "1"]

1. e4 c5 2. Nf3 d6 3. d4 cxd4 4. Nxd4 Nf6 5. Nc3 a6 6. Be3 e5 7. Nb3 Be6 8. f4 exf4 9. Bxf4 Nc6 10. Qe2 Be7 11. h3 Nd7 12. O-O-O Nce5 13. g4 b5 14. Kb1 O-O 15. g5 Bxg5 16. Bxg5 Qxg5 17. Rxd6 Nc4 18. Rd1 Qe5 19. Nd4 Rac8 20. Nxe6 Qxe6 21. h4 Rfd8 22. Bh3 Qc6 23. Nd5 Kf8 24. Nb4 Qb7 25. Qh5 Kg8 26. Rhf1 g6 27. Qd5 Qxd5 28. Nxd5 Kg7 29. Rd4 Rb8 30. b3 Ncb6 31. Nb4 Nf6 32. Rxd8 Rxd8 33. e5 Ne4 34. Re1 Nd2+ 35. Kb2 Nf3 36. Re4 Nd2 37. Re3 Ndc4+ 38. bxc4 Nxc4+ 39. Kc3 Nxe3 40. Nxa6 Nd5+ 41. Kb3 Re8 42. Bd7 Rxe5 43. Bxb5 Re3+ 44. Kc4 Ne7 45. a4 h6 46. a5 g5 47. hxg5 hxg5 48. Nc7 Ra3 49. a6 Nc8 50. Kb4 Ra1 51. Kc5 g4 52. Nd5 g3 53. Ne3 Kg6 54. Bd7 Ne7 55. Kb6 f5 56. a7 f4 57. Ng2 Kg5 58. Ne1 Nd5+ 59. Kb7 Rb1+ 60. Kc6 Nb6 61. Nf3+ Kf6 62. Bc8 g2 63. Bb7 Kg7 64. c4 Kh6 65. c5 Na8 66. Bxa8 g1=Q 67. Nxg1 Rxg1 68. Bb7 Ra1 69. a8=Q Rxa8 70. Bxa8 1-0